000 01447na a2200337 4500
001 22024
003 MIRAKIL
005 20181213155150.0
008 170209b tu 000 0
040 _aMilas
_btur
_cTR-AnCHP
041 _atur
090 _aSHP 1
100 _aİnönü, Erdal
_cGenel Başkanı ve Başbakan yardımcısı
222 _aErdal İnönü'nün konuşmaları
245 _aSHP genel başkanı Erdal İnönü'nün TBMM'de düzenlediği basın toplantısı : SHP genel başkanı Erdal İnönü'nün Anayasa değişikliği konusunda TBMM Genel Kurulunda yaptığı konuşma
_c[Erdal İnönü]
246 _aSHP genel başkanı Erdal İnönü'nün Anayasa değişikliği konusunda TBMM Genel Kurulunda yaptığı konuşma
260 _a[Ankara]
_bSHP
_c1987
300 _a14 s.
_c20 sm.
440 _aSHP yayınları
_pSöylev ve demeçler
490 _aSHP Genel Başkanlık yayınları : 7
600 _aİnönü, Erdal
_xSöylev ve demeçler
600 _aİnönü, Erdal
_cGenel Başkanı ve Başbakan yardımcısı
_xKonuşmalar, 1987
_yBasın toplantısı
610 _aSHP
_xSöylev ve demeçler
650 _aSHP Genel başkanları
_xİnönü, Erdal
_yKonuşmalar, 1987
657 _aErdal İnönünün konuşmaları
710 _aSHP
740 _aSHP Genel başkanı ve Başbakan yardımcısı Erdal İnönü'nün konuşmaları
830 _aSHP yayınları
942 _2dcc
_cBKS
999 _c7843
_d7843